MARC

LEADER 00000nam0a2200000 4500
001 254831
005 20231101232954.0
010 |a 5255002003 
020 |a RU  |b 89-56171 
035 |a (RuTPU)RU\TPU\book\277323 
090 |a 254831 
100 |a 20140324d1989 m a0rusy5003 ca 
101 0 |a rus 
102 |a RU 
105 |a y j 001zy 
200 1 |a Социальное страхование и охрана здоровья трудящихся  |e учебное пособие  |f К. С. Батыгин, Н. А. Трофимюк 
210 |a Москва  |c Профиздат  |d 1989 
215 |a 223 с. 
320 |a Библиогр.: с. 222 (9 назв.) 
606 1 |a Здравоохранение  |2 stltpush  |3 (RuTPU)RU\TPU\subj\11671  |9 38587 
610 1 |a СССР 
610 1 |a врачебно-трудовая экспертиза 
610 1 |a социальное страхование 
610 1 |a организация 
610 1 |a учебные пособия 
610 1 |a здоровье 
610 1 |a медицинское обслуживание 
610 1 |a нетрудоспособность 
610 1 |a экспертиза 
610 1 |a санаторно-курортное лечение 
610 1 |a охрана 
675 |a 614.2(075.8)  |z rus 
700 1 |a Батыгин  |b К. С.  |g Константин Степанович  |4 070 
701 1 |a Трофимюк  |b Н. А.  |g Николай Афанасьевич  |4 070 
801 0 |a RU  |b RuMRKP  |c 19950417  |g psbo 
801 1 |a RU  |b 63413507  |c 20140324 
801 2 |a RU  |b 63413507  |c 20170214  |g RCR 
942 |c BK